Placements de l'Espagne aux Championnats d'Europe - Statistiques

Statistiques générales
  • Ce quiz a été pris 18 fois
    10 depuis la dernière actualisation
  • Le résultat moyen est 3 sur 12
Statistiques - réponses
Hint Réponse % Correct
2020 Demi-finale
67%
2024 Vainqueur
56%
2000 Quarts de finale
44%
2012 Vainqueur
44%
1996 Quarts de finale
33%
2008 Vainqueur
33%
1964 Vainqueur
22%
1984 Deuxième place
11%
1980 Phase de groupe
11%
2016 Huitième de finale
0%
1988 Phase de groupe
0%
2004 Phase de groupe
0%
Aucun quiz correspondant
Distribution des résultats
% des personnes avec chaque résultat
Percentile par nombre de réponses
Votre historique - résultats
Vous n’avez pas pris ce quiz depuis la dernière actualisation